000 01264cam a2200325 i 4500
001 19346124
003 OSt
005 20260212064547.0
008 161025s2016 ii a b 000 0 eng
010 _a 2016332105
020 _a9789332701984
025 _aI-E-2016-332105; 84-91; 84-01
037 _bLibrary of Congress -- New Delhi Overseas Office
040 _aDLC
_beng
_erda
_cDLC
_dDLC
042 _alcode
_apcc
043 _aa-ii---
082 _a332.10954 MIS
245 0 0 _aEmerging trends in banking /
_ceditors R.K. Mishra, S. Sreenivasa Murthy and J. Kiranmai.
264 1 _aNew Delhi :
_bAcademic Foundation,
_c2016.
300 _a400 p. :
_bill. ;
_c24 cm
505 0 _aPart 1: Economic reforms and trends in financial intermediation; Part 2: Technology, innovations, customer relationship management (CRM) issues in banking sector; Part 3: Performance evaluation, rural credit, financial inclusion, and other issues
520 _aContributed articles on banks and banking in India.
650 0 _aBanks and banking
_zIndia.
700 1 _aMishra, R. K.
700 1 _aSreenivasa Murthy, S.
700 1 _aKiranmai, J.
906 _a7
_bcbc
_corigode
_d3
_encip
_f20
_gy-gencatlg
942 _2ddc
_cBK
999 _c112329
_d112329